| 000 | 00699nam a22002417a 4500 | ||
|---|---|---|---|
| 001 | 87298 | ||
| 003 | UA-OsUOA | ||
| 005 | 20211014202051.0 | ||
| 007 | ta | ||
| 008 | 20120917b un ||||| |||| 00| 0 ukr d | ||
| 040 |
_aUA-OsUOA _brus _cUA-OsUOA _dUA-OsUOA |
||
| 041 | _arus | ||
| 044 | _aRU | ||
| 080 | _a94(47+57) | ||
| 090 |
_a94(47+57) _bИ90 |
||
| 245 |
_aИстория гражданской войны в СССР _bВеликая пролетарская революция _cсост. Г. Ф. Александрова и др. |
||
| 260 |
_aМосква _bОГИЗ _c1943 |
||
| 300 | _a655 с. | ||
| 505 | _gт. 2 | ||
| 650 | 7 |
_a94 Історія _2UDC |
|
| 942 |
_cBK _2udc |
||
| 955 | _a4 | ||
| 999 |
_c373994 _d373994 |
||